Terrível diário (Registo nº 421)

Detalhes MARC
000 -Etiqueta do registo
Cabeçalho 00791nam0a2200277 4500
005 - Identificador da versão
Campo de controlo 20240813121803.0
010 ## - Número internacional normalizado dos livros (ISBN)
Número (ISBN) 9721052248
021 ## - Número do Depósito Legal
Código do país PT
Número 194630/03
100 ## - Dados gerais de processamento
Dados gerais de processamento 20160613d2003 am y0pory5003 ba
102 ## - Pais de publicação ou produção
País de publicação Portugal
101 1# - Língua de publicação
Língua do texto, banda sonora, etc. Português
Língua do documento no original Inglês
215 ## - Descrição física 
Indicação específica da natureza do documento e extensão da espécie 112, [2] p.
Outras indicações físicas il
200 1# - Titulo e menção de responsabilidade
Título próprio Terrível diário
Primeira menção de responsabilidade Terry Deary
Outras menções de responsabilidade il. Martin Brown
225 2# - Colecção 
Título próprio da colecção História horrível
210 ## - Publicação, Distribuição, etc. 
Lugar da edição, distribuição, etc. Mem Martins
Nome do editor, distribuidor, etc. Europa-América
Data da publicação, distribuição, etc. 2003
300 ## - Notas gerais 
Texto da nota Plano Nacional de Leitura
606 ## - Nome comum usado como assunto
Número de registo de entrada de autoridade 0002989
Palavra de ordem Cronologia universal
Código do sistema CA
675 ## - Classificação Decimal Universal (CDU)
Notação 930.24
Edição 3ª ed.
Língua da edição por
702 ## - Nome de autor-pessoa física (responsabilidade secundária)
Número de registo de entrada de autoridade 0000478
Palavra de ordem Brown
Outra parte do nome não tomada para palavra de ordem Martin
Código de função Ilustrador / Técnico de desenho computorizado
Número de registo de entrada de autoridade 0000488
Palavra de ordem Mascarenhas
Outra parte do nome não tomada para palavra de ordem Susana
Código de função Tradutor
700 ## - Nome de autor-pessoa física (responsabilidade principal)
Número de registo de entrada de autoridade 0000477
Palavra de ordem Deary
Outra parte do nome não tomada para palavra de ordem Terry
966 ## - Identificação da Biblioteca
Sigla EB2,3ENM
942 ## - Elementos de entrada adicionados (Koha)
Tipo de item no Koha Livro
Exemplares
Situação do levantamento Origin of item (home branch) (coded) Biblioteca de empréstimo Código de barras Cota Circulation type (not for loan) Tipo de documento Nota do exemplar Damaged status
  Biblioteca Escolar Eng. Nuno Mergulhão Biblioteca Escolar Eng. Nuno Mergulhão BENM854 930 DEA PNL   Livro Sem mensagem